Ochrana a tvorba poľnohospodárskej krajiny zborník zo sympózia v Poprade v dňoch 27.-28.5.1981

Guardado en:
Detalles Bibliográficos
Formato: Libro
Lenguaje:eslovaco
Publicado: Bratislava Príroda 1982
Colección:Výskum-vývoj-výroba-využitie
Etiquetas: Agregar Etiqueta
Sin Etiquetas, Sea el primero en etiquetar este registro!

MARC

LEADER 00000nam a2200000 4500
001 c131499
005 20181203150433.9
041 0 |a slo 
044 |a SK 
245 1 0 |a Ochrana a tvorba poľnohospodárskej krajiny  |b zborník zo sympózia v Poprade v dňoch 27.-28.5.1981 
264 1 |a Bratislava  |b Príroda  |c 1982 
300 |a 414 s. 
490 1 |a Výskum-vývoj-výroba-využitie 
830 0 |a Výskum-vývoj-výroba-využitie